header

A time out of joint (Record no. 231907)

MARC details
000 -LEADER
fixed length control field 01314nam a2200313Ia 4500
100 1# - MAIN ENTRY--AUTHOR NAME
Personal name Hill, Roland,
245 12 - TITLE STATEMENT
Title A time out of joint
260 ## - PUBLICATION, DISTRIBUTION, ETC. (IMPRINT)
Place of publication London ;
-- New York :
Name of publisher Radcliffe Press ;
Place of publication New York, NY :
Name of publisher Distributed by Palgrave Macmillan,
Year of publication 2007.
300 ## - PHYSICAL DESCRIPTION
Number of Pages xvii, 325 p. :
Other physical details ill.
500 ## - GENERAL NOTE
General note Includes index.
650 #0 - SUBJECT ADDED ENTRY--TOPICAL TERM
Topical Term Journalists
Topical Term World War, 1939-1945
856 40 - ELECTRONIC LOCATION AND ACCESS
Uniform Resource Identifier http://site.ebrary.com/lib/rucke/Doc?id=10217782

No items available.

© 2026 Rongo University
Contact us: librarian | system librarian | Rongo university